| 000 | 00725nam a22002177a 4500 | ||
|---|---|---|---|
| 999 |
_c17906 _d17906 |
||
| 003 | AR-CdUCM | ||
| 008 | 190510b ||||| |||| 00| 0 spa d | ||
| 040 |
_aMUNICIPALIDAD PROVINCIAL DEL CUSCO _cBIBLIOTECA MUNICIPAL DEL CUSCO |
||
| 082 |
_a500 / _bC32 |
||
| 100 |
_aCaustier, E. _926079 |
||
| 245 | _aHistoria natural aplicada / | ||
| 260 |
_aParís : _bBouret, _c1905. |
||
| 300 |
_a383 páginas ; _c18 cm |
||
| 505 | _aContenido : Prologo -- La vida y la salud -- El organismo humano -- Las funciones de nutrición -- La digestión ... | ||
| 650 |
_aHistoria _9136 |
||
| 650 |
_aNatural _938143 |
||
| 650 |
_aSalud _98684 |
||
| 700 |
_aDiaz de León, Jesús _938144 |
||
| 942 |
_2ddc _cLIBROS |
||
| 945 |
_arah _d10/05/2019 |
||